AH International Schools' Libraries

How faith grows : (Record no. 49628)

MARC details
000 -LEADER
fixed length control field 00297nam a2200097 4500
020 ## - INTERNATIONAL STANDARD BOOK NUMBER
International Standard Book Number 0715148095
245 ## - TITLE STATEMENT
Title How faith grows :
Remainder of title faith development and Christian Education /
Statement of responsibility, etc Revd. Dr Jeff Astley.
260 ## - PUBLICATION, DISTRIBUTION, ETC. (IMPRINT)
Place of publication, distribution, etc London:
Name of publisher, distributor, etc National society (CHP);
Date of publication, distribution, etc 1991.
300 ## - PHYSICAL DESCRIPTION
Extent 102 p.
Dimensions 21 cm.
942 ## - ADDED ENTRY ELEMENTS (KOHA)
Source of classification or shelving scheme
Koha item type Teacher's Resources
Holdings
Withdrawn status Lost status Source of classification or shelving scheme Damaged status Not for loan Collection code Home library Current library Shelving location Date acquired Full call number Barcode Date last seen Price effective from Koha item type
          TEACHERS' RESOURCES Asian Hope Secondary Library Asian Hope Secondary Library SECONDARY 10/08/2025 234.2 AST 208274 01/16/2026 10/08/2025 Teacher's Resources

For any Logos Library related questions please contact Miss Art at swongnarasuk@asianhope.org.

For any Asian Hope Library related questions please contact Miss Raza at graza@asianhope.org.

Click here to explore our ebooks!

Powered by Koha